[Event "SVK-ch U20 rapid"]
[Site "Senec"]
[Date "2023.05.07"]
[Round "3"]
[White "Libich, Simon"]
[Black "Paluska, Karol"]
[Result "0-1"]
[WhiteElo "1479"]
[BlackElo "1746"]
[PlyCount "94"]
[EventDate "2023.05.07"]
[EventType "rapid"]
[EventRounds "7"]
[EventCountry "SVK"]
[SourceTitle "EXT 2024"]
[Source "ChessBase"]
[SourceDate "2023.10.10"]
[SourceVersion "1"]
[SourceVersionDate "2023.10.10"]
[SourceQuality "1"]

1. e4 c6 2. d4 d5 3. f3 e6 4. Nc3 Nf6 5. Bg5 Be7 6. Be3 Bb4 7. Bd3 dxe4 8. fxe4 Nxe4 9. Qg4 Nf6 10. Qxg7 Rg8 11. Qh6 Nbd7 12. Bg5 Qa5 13. Nf3 Bxc3+ 14. bxc3 Qxc3+ 15. Ke2 Nd5 16. Qxh7 Rf8 17. Bd2 Qa3 18. Ne5 N7f6 19. Qh4 Bd7 20. Nc4 Qe7 21. Bg5 Nc3+ 22. Kd2 Nfe4+ 23. Bxe4 Nxe4+ 24. Qxe4 Qxg5+ 25. Ne3 0-0-0 26. Rab1 f5 27. Qe5 Qg6 28. Rb3 f4 29. Nc4 Qxg2+ 30. Kc3 Qf3+ 31. Kb2 Be8 32. Qg7 Bf7 33. Qg1 Qe4 34. Qb1 Qxd4+ 35. Ka3 Qc5+ 36. Kb2 Qd4+ 37. Ka3 e5 38. Rxb7 Qc5+ 39. Qb4 Qxb4+ 40. Rxb4 Rd4 41. Nxe5 Bd5 42. Rxd4 Bxh1 43. Nxc6 f3 44. Rc4 f2 45. Ne5+ Kb7 46. Rb4+ Kc7 47. Rc4+ Kd6 0-1

[Event "SVK-ch U20"]
[Site "Dudince"]
[Date "2023.04.21"]
[Round "7"]
[White "Libich, Simon"]
[Black "Baron, Patrik"]
[Result "1-0"]
[WhiteElo "1672"]
[BlackElo "1732"]
[PlyCount "67"]
[EventDate "2023.04.16"]
[EventType "tourn"]
[EventRounds "9"]
[EventCountry "SVK"]
[SourceTitle "CBM 213 Extra"]
[Source "ChessBase"]
[SourceDate "2023.05.31"]
[SourceVersion "1"]
[SourceVersionDate "2023.05.31"]
[SourceQuality "1"]

1. e4 c6 2. d4 d5 3. f3 e6 4. Nc3 Bb4 5. a3 Bxc3+ 6. bxc3 dxe4 7. Nh3 exf3 8. Qxf3 Qh4+ 9. g3 Qf6 10. Qe4 Qf5 11. Qg2 Qd5 12. Qg1 Nf6 13. Bg2 Qc4 14. Bb2 0-0 15. Bf1 Qa4 16. Bd3 b6 17. Qf2 Ba6 18. 0-0 Bxd3 19. cxd3 Nbd7 20. Rae1 Qb5 21. Qd2 c5 22. c4 Qc6 23. Ng5 Rac8 24. Ne4 Nxe4 25. Rxe4 cxd4 26. Bxd4 Rce8 27. Bxg7 Kxg7 28. Rg4+ Kh8 29. Qh6 Rg8 30. Rxf7 Qc5+ 31. d4 Qf5 32. Rxf5 exf5 33. Rxg8+ Rxg8 34. Qe6 1-0

[Event "SVK-chT3A2 2122"]
[Site "Slovakia"]
[Date "2022.01.30"]
[Round "8.5"]
[White "Libich, Simon"]
[Black "Janas, Peter"]
[Result "0-1"]
[WhiteElo "1361"]
[BlackElo "1648"]
[PlyCount "65"]
[EventDate "2021.10.10"]
[EventType "team-tourn"]
[EventRounds "11"]
[EventCountry "SVK"]
[SourceTitle "EXT 2023"]
[Source "ChessBase"]
[SourceDate "2022.10.05"]
[SourceVersion "1"]
[SourceVersionDate "2022.10.05"]
[SourceQuality "1"]
[WhiteTeam "Modranka Komplet II"]
[BlackTeam "Hlohovec"]
[WhiteTeamCountry "SVK"]
[BlackTeamCountry "SVK"]

1. e4 d5 2. exd5 Qxd5 3. Nf3 Nf6 4. Nc3 Qd8 5. d4 c6 6. Be2 g6 7. 0-0 Bg7 8. Re1 0-0 9. Ne5 Nbd7 10. Bf4 Nd5 11. Nxd5 cxd5 12. Bb5 Nxe5 13. Bxe5 f6 14. Bf4 Qb6 15. a4 a6 16. Bf1 e6 17. b3 Bd7 18. c4 dxc4 19. Bxc4 Kh8 20. a5 Qb4 21. Bxe6 Bxe6 22. Rxe6 Rfd8 23. Ra4 Qf8 24. Rc4 Rd5 25. Rc7 Qb4 26. Be3 g5 27. Rb6 Rb5 28. Bd2 Qxd4 29. Rbxb7 Rxb7 30. Rxb7 Rd8 31. Qe2 Qxd2 32. Qxa6 Qd1+ 33. Qf1 0-1